00467cam a2200169ua 450000100060000000800390000604000090004504100120005408200160006610000260008224500790010825000090018726000350019630000160023165300200024770000300026720227140312n2014 II |||gr||||Z||||||asm aMAIN aEnglish a891.451 NEO aNEOG, DR. BIVA DUTTA. aSAHITYAR SWAD-BAICHITRA (Collection of Literary Essays of Various Aspects) a2ND. aDHEMAJIbKIRAN PRAKASHANc2014 a389:c20CM. aAsomiya Sahitya aHANDIQUE, NIBEDITA BORAH.